000 00317nam a22001337a 4500
008 180420b xxu||||| |||| 00| 0 eng d
020 _a9781515037637
041 _aeng
080 _a004
100 _a28
101 _aSHKI
245 _aLinux Forensics with python and Shell Scripting
_cPolstra,P
942 _2udc
_cBK
999 _c45350
_d45350